00614cam a2200181 a 4500010000600000020001800006040001800024082001700042100002000059245009200079260004500171300002700216440004300243504005100286505002900337650004300366650002300409 a  a9788131728994 aDLCcDLCdDLC00a621.38222201 aKay, Steven M.,10aFundamentals of statistical signal processing estimation theory part 1cSteven M. Kay. aEnglewood Cliffs, N.J. :bPearsonc2010. a1 v. :bill. ;c25 cm. 0aPrentice Hall signal processing series aIncludes bibliographical references and index.0 av. 1. Estimation theory. 0aSignal detectionxStatistical methods. 0aEstimation theory.